[Event "Benidorm 2010 - Sub-2000"]
[Site "Benidorm ESP"]
[Date "2010.12.06"]
[Round "5.4"]
[White "Salgado Gonzalez, Julio"]
[Black "Ledo Galan, Jose Emilio"]
[Result "1/2-1/2"]
[WhiteElo "1843"]
[BlackElo "1998"]
[PlyCount "70"]
[EventDate "2010.12.03"]
[EventType "swiss"]
[EventRounds "10"]
[EventCountry "ESP"]
[Source "lmi"]
[SourceDate "2010.12.03"]

1. d4 Nf6 2. Bf4 g6 3. e3 Bg7 4. Bc4 d5 5. Bd3 O-O 6. Nf3 c5 7. c3 c4 8. Bc2
Nc6 9. Nbd2 b5 10. Qe2 a5 11. e4 e6 12. e5 Nd7 13. h4 f6 14. h5 fxe5 15. Bg5
Bf6 16. Bh6 e4 17. hxg6 e5 18. Bxf8 Nxf8 19. Nxe5 Bxe5 20. dxe5 Nxg6 21. Qh5
Ra7 22. O-O-O Qe7 23. Nf1 Be6 24. Ne3 Nf4 25. Qh6 Nd3+ 26. Bxd3 exd3 27. Rh5 b4
28. f4 bxc3 29. Rg5+ Kh8 30. f5 d2+ 31. Kb1 Rb7 32. fxe6 Rxb2+ 33. Ka1 Nb4 34.
Rf5 Rxa2+ 35. Kb1 Rb2+ 1/2-1/2

[Event "Benidorm 2010 - Sub-2000"]
[Site "Benidorm ESP"]
[Date "2010.12.06"]
[Round "5.5"]
[White "Hall, Rachid"]
[Black "Cuevas Silva, Angel"]
[Result "0-1"]
[WhiteElo "1987"]
[BlackElo "1963"]
[PlyCount "98"]
[EventDate "2010.12.03"]
[EventType "swiss"]
[EventRounds "10"]
[EventCountry "ESP"]
[Source "lmi"]
[SourceDate "2010.12.03"]

1. d4 Nf6 2. c4 g6 3. Nc3 Bg7 4. e4 d6 5. Nf3 O-O 6. Bg5 c5 7. dxc5 Qa5 8. cxd6
exd6 9. Bd3 Bg4 10. Bd2 Nc6 11. h3 Bxf3 12. Qxf3 Ne5 13. Qe2 Rfe8 14. O-O Rac8
15. Nb5 Qa6 16. f3 Nh5 17. Rfb1 Ng3 18. Qe3 Nxc4 19. Bxc4 Rxc4 20. Qb3 d5 21.
Kh2 Ne2 22. Be3 Be5+ 23. Kh1 Qf6 24. Re1 Nf4 25. exd5 Qg5 26. Rg1 Qg3 27. Qxc4
Nxh3 28. f4 Nxf4 29. Qxf4 Bxf4 30. Bxf4 Qxf4 31. Rgf1 Qh4+ 32. Kg1 Re2 33. Nc3
Rxb2 34. Nd1 Qd4+ 35. Kh2 Rd2 36. Rc1 Qxd5 37. Nf2 Rxa2 38. Kg1 a5 39. Rce1 Qd4
40. Re4 Qc5 41. Rf4 a4 42. Kh1 Qc7 43. Kg1 a3 44. Rd4 Rb2 45. Rg4 a2 46. Ne4
Rb1 47. Nf6+ Kg7 48. Rgf4 a1=Q 49. Ne8+ Kh6 0-1

[Event "Benidorm 2010 - Sub-2000"]
[Site "Benidorm ESP"]
[Date "2010.12.06"]
[Round "5.7"]
[White "Valdezate Suarez, Fernando"]
[Black "De Lamo Sevilla, Julio"]
[Result "1-0"]
[WhiteElo "1986"]
[BlackElo "1959"]
[PlyCount "81"]
[EventDate "2010.12.03"]
[EventType "swiss"]
[EventRounds "10"]
[EventCountry "ESP"]
[Source "lmi"]
[SourceDate "2010.12.03"]

1. d4 e6 2. c4 f5 3. Nc3 b6 4. e3 Nf6 5. a3 Bb7 6. Nf3 Be7 7. Be2 O-O 8. O-O
Qe8 9. d5 Bd6 10. Nb5 e5 11. b4 a6 12. Nxd6 cxd6 13. Bb2 Qe7 14. Rc1 a5 15. b5
Ne4 16. Nd2 Nc5 17. Re1 Ra7 18. Bf1 Ba8 19. e4 f4 20. Rc3 Rf6 21. Rh3 Rc7 22.
Nf3 Rc8 23. Nh4 g6 24. Qg4 Qg7 25. g3 Rcf8 26. f3 Kf7 27. gxf4 Rxf4 28. Qxf4+
exf4 29. Bxg7 Kxg7 30. Kf2 Rf6 31. Be2 Bb7 32. Rg1 Kf7 33. Ng2 Kg7 34. Rh4 Rf8
35. Rxf4 Rc8 36. Ne3 Kh8 37. Rf7 Nb3 38. Ng4 Kg8 39. Re7 Nd4 40. Nf6+ Kf8 41.
Rxh7 1-0

[Event "Benidorm 2010 - Sub-2000"]
[Site "Benidorm ESP"]
[Date "2010.12.06"]
[Round "5.8"]
[White "Moya Mallafre, Erik"]
[Black "Laurentiu, Burlacu"]
[Result "1-0"]
[WhiteElo "1986"]
[BlackElo "1955"]
[PlyCount "79"]
[EventDate "2010.12.03"]
[EventType "swiss"]
[EventRounds "10"]
[EventCountry "ESP"]
[Source "lmi"]
[SourceDate "2010.12.03"]

1. Nf3 d5 2. c4 e6 3. g3 Nf6 4. Bg2 d4 5. O-O Nc6 6. d3 Be7 7. e3 e5 8. exd4
exd4 9. Re1 O-O 10. Nbd2 a5 11. Qe2 Bb4 12. a3 Re8 13. Qd1 Rxe1+ 14. Qxe1 Bf8
15. Ne4 Ng4 16. Bf4 f6 17. Qe2 Ra6 18. Re1 a4 19. Qc2 Bd7 20. h3 Nge5 21. Ned2
Nxf3+ 22. Nxf3 g5 23. Bc1 Bf5 24. Nd2 Bg6 25. Bd5+ Kh8 26. Ne4 Ra7 27. Bd2 Ne5
28. Nxg5 c6 29. Bg2 Bxd3 30. Qxd3 Nxd3 31. Nf7+ Kg8 32. Nxd8 Nxe1 33. Bxe1 Ra8
34. Nxb7 Re8 35. Kf1 Re6 36. Nd8 Re8 37. Nxc6 d3 38. Bd5+ Kg7 39. Nd4 Bd6 40.
Nf5+ 1-0

[Event "Benidorm 2010 - Sub-2000"]
[Site "Benidorm ESP"]
[Date "2010.12.06"]
[Round "5.9"]
[White "Elizondo Market, Juan Marcos"]
[Black "Rubio Tent, Francisco"]
[Result "0-1"]
[WhiteElo "1952"]
[BlackElo "1980"]
[PlyCount "76"]
[EventDate "2010.12.03"]
[EventType "swiss"]
[EventRounds "10"]
[EventCountry "ESP"]
[Source "lmi"]
[SourceDate "2010.12.03"]

1. e4 c6 2. d4 d5 3. exd5 cxd5 4. c4 Nf6 5. Nc3 Be6 6. c5 Nc6 7. Bb5 g6 8. Nf3
Bg7 9. O-O Ne4 10. Re1 Nxc3 11. bxc3 O-O 12. Bxc6 bxc6 13. Bg5 Re8 14. Rb1 Qc7
15. Qd2 Bg4 16. Bf4 Qc8 17. Ne5 Bf5 18. Rb4 f6 19. Nd3 Bxd3 20. Qxd3 e5 21. Bg3
exd4 22. Rxe8+ Qxe8 23. Kf1 dxc3 24. Qxc3 f5 25. Qb3 Be5 26. Bh4 Rb8 27. Rb7
Rxb7 28. Qxb7 Qb8 29. Qxb8+ Bxb8 30. g3 Kf7 31. Ke2 Be5 32. Kd3 Bf6 33. Bxf6
Kxf6 34. Kd4 Kg5 35. f3 f4 36. Ke5 fxg3 37. hxg3 h5 38. a3 a6 0-1

[Event "Benidorm 2010 - Sub-2000"]
[Site "Benidorm ESP"]
[Date "2010.12.06"]
[Round "5.11"]
[White "Moya Albaladejo, Jose Antonio"]
[Black "Macdonald, Paul H"]
[Result "1-0"]
[WhiteElo "1929"]
[BlackElo "1969"]
[PlyCount "99"]
[EventDate "2010.12.03"]
[EventType "swiss"]
[EventRounds "10"]
[EventCountry "ESP"]
[Source "lmi"]
[SourceDate "2010.12.03"]

1. Nf3 Nf6 2. c4 c6 3. g3 d5 4. Bg2 Bf5 5. cxd5 cxd5 6. Qb3 Qc7 7. Nc3 e6 8. d3
Nbd7 9. Bf4 Qb6 10. O-O Be7 11. Rfc1 O-O 12. Rc2 Rfc8 13. Rac1 Qxb3 14. axb3
Nb6 15. Nb5 Rxc2 16. Rxc2 Rc8 17. Rc7 Rxc7 18. Bxc7 Nc8 19. Nd2 a6 20. Nc3 Bb4
21. e4 Bg6 22. Bd8 Be7 23. Bxe7 Nxe7 24. f4 dxe4 25. dxe4 Nc6 26. h3 Nd7 27.
Kf2 f6 28. Ke3 e5 29. Bf1 Kf8 30. Bc4 Bf7 31. f5 b5 32. Bxf7 Kxf7 33. Nd5 Nd4
34. b4 Nb8 35. Kd3 Nbc6 36. g4 a5 37. bxa5 Nxa5 38. Kc3 Nac6 39. Nb3 Ne2+ 40.
Kd2 Ng1 41. h4 Nf3+ 42. Ke3 Nxh4 43. Kf2 g6 44. Kg3 g5 45. Nc5 Ne7 46. Nc7 b4
47. Nd3 Nc6 48. Nd5 b3 49. Nc5 Na5 50. Kf2 1-0

[Event "Benidorm 2010 - Sub-2000"]
[Site "Benidorm ESP"]
[Date "2010.12.06"]
[Round "5.12"]
[White "Fuentes Arjona, Antonio"]
[Black "Shen, Yue"]
[Result "0-1"]
[WhiteElo "1996"]
[BlackElo "1911"]
[PlyCount "121"]
[EventDate "2010.12.03"]
[EventType "swiss"]
[EventRounds "10"]
[EventCountry "ESP"]
[Source "lmi"]
[SourceDate "2010.12.03"]

1. e4 c5 2. Nf3 d6 3. d4 cxd4 4. Nxd4 Nf6 5. f3 Nc6 6. Nc3 e5 7. Nb3 Be7 8. Be3
Be6 9. Qd2 O-O 10. g4 a5 11. g5 Nd7 12. Nd5 a4 13. Nc1 f5 14. exf5 Bxf5 15. a3
Rc8 16. c3 Bg6 17. Bc4 Kh8 18. O-O Nd4 19. Bxd4 exd4 20. Nxe7 Qxe7 21. Bd3 dxc3
22. bxc3 Bh5 23. f4 Nc5 24. Bc2 Rfe8 25. Nd3 Ne4 26. Qg2 Nxc3 27. Nb4 d5 28.
Rae1 Qd7 29. Rxe8+ Rxe8 30. Bd3 Qg4 31. Qxg4 Bxg4 32. Kg2 Re3 33. Rc1 d4 34. f5
Kg8 35. Bc4+ Kf8 36. f6 Bf3+ 37. Kf1 gxf6 38. gxf6 Be4 39. Nc2 Rf3+ 40. Ke1
Bxc2 41. Rxc2 Rxf6 42. Rd2 b5 43. Bd3 h6 44. Rb2 Re6+ 45. Kf1 Re5 46. Rb4 Rd5
47. Kf2 Ke7 48. Kf3 Ke6 49. Be4 Rd8 50. Bd3 Rd5 51. Be4 Nxe4 52. Kxe4 d3 53.
Rb1 d2 54. Rd1 h5 55. Ke3 Kf5 56. h3 Kg5 57. Kf3 Rd3+ 58. Ke4 Rxa3 59. Rxd2 Kh4
60. Rd4 Rb3 61. Kd5+ 0-1

[Event "Benidorm 2010 - Sub-2000"]
[Site "Benidorm ESP"]
[Date "2010.12.06"]
[Round "5.13"]
[White "Abellot Dura, Jose Luis"]
[Black "Sos Andreu, Erik"]
[Result "0-1"]
[WhiteElo "1933"]
[BlackElo "1998"]
[PlyCount "118"]
[EventDate "2010.12.03"]
[EventType "swiss"]
[EventRounds "10"]
[EventCountry "ESP"]
[Source "lmi"]
[SourceDate "2010.12.03"]

1. e4 c5 2. Nc3 d6 3. g3 Nc6 4. Bg2 g6 5. d3 Bg7 6. f4 Nf6 7. Nf3 O-O 8. O-O
Rb8 9. Rb1 b5 10. a3 b4 11. axb4 cxb4 12. Ne2 Qb6+ 13. Kh1 Ng4 14. Qe1 Ne3 15.
Bxe3 Qxe3 16. Qf2 Qxf2 17. Rxf2 a5 18. b3 Bg4 19. h3 Bxf3 20. Bxf3 Rfc8 21.
Rbf1 Na7 22. Ng1 Rc7 23. Bd1 Nb5 24. Nf3 Nc3 25. Be2 Rbc8 26. Ne1 Ra7 27. Bg4
Rc5 28. f5 Bf6 29. fxg6 hxg6 30. Nf3 Nb5 31. Ne1 a4 32. bxa4 Rxa4 33. Bd7 Ra2
34. Bxb5 Rxb5 35. Ng2 Rc5 36. Rb1 Bd4 37. Re2 Rcxc2 38. Rxc2 Rxc2 39. Ne1 Re2
40. Nf3 Bc3 41. Kg1 Kf8 42. Kf1 Ra2 43. Ng1 Rh2 44. Rb3 Rd2 45. Nf3 Ra2 46. Ng1
Ra3 47. Rb1 Ra2 48. Ne2 Rd2 49. Nf4 e6 50. h4 Ke7 51. Rb3 Kf6 52. d4 Rxd4 53.
Ne2 Rd3 54. Kf2 Ke5 55. Nc1 Kxe4 56. Nxd3 Kxd3 57. Rb1 Kc2 58. Rf1 b3 59. Ke3
Bd2+ 0-1

[Event "Benidorm 2010 - Sub-2000"]
[Site "Benidorm ESP"]
[Date "2010.12.06"]
[Round "5.14"]
[White "Morant Amezaga, Elies"]
[Black "Del Valle Rosas, Alfonso"]
[Result "1-0"]
[WhiteElo "1996"]
[BlackElo "1900"]
[PlyCount "41"]
[EventDate "2010.12.03"]
[EventType "swiss"]
[EventRounds "10"]
[EventCountry "ESP"]
[Source "lmi"]
[SourceDate "2010.12.03"]

1. d4 d5 2. c4 c6 3. cxd5 cxd5 4. Nc3 Nf6 5. Bf4 Nc6 6. e3 a6 7. Bd3 e6 8. Rc1
Be7 9. h3 Bd7 10. Nf3 Rc8 11. O-O O-O 12. Ne5 Re8 13. Bb1 b5 14. Qf3 Qb6 15.
Bg5 Red8 16. Bxh7+ Kxh7 17. Bxf6 Bxf6 18. Qh5+ Kg8 19. Qxf7+ Kh8 20. Nxd7 Qc7
21. Qh5+ 1-0

[Event "Benidorm 2010 - Sub-2000"]
[Site "Benidorm ESP"]
[Date "2010.12.06"]
[Round "5.15"]
[White "Rubio Trigueros, Jose Luis"]
[Black "Ferrandiz Iserte, Albert"]
[Result "1-0"]
[WhiteElo "1931"]
[BlackElo "1993"]
[PlyCount "55"]
[EventDate "2010.12.03"]
[EventType "swiss"]
[EventRounds "10"]
[EventCountry "ESP"]
[Source "lmi"]
[SourceDate "2010.12.03"]

1. d4 f5 2. c4 Nf6 3. g3 g6 4. Bg2 Bg7 5. Nc3 O-O 6. Nf3 d6 7. O-O Nc6 8. d5
Na5 9. Nd2 c5 10. Qc2 a6 11. a3 b6 12. b3 Bd7 13. Bb2 Rb8 14. a4 b5 15. axb5
axb5 16. Ra2 bxc4 17. bxc4 Rb7 18. Rfa1 Qb6 19. Rb1 Rfb8 20. Nb5 Qd8 21. Na3
Nb3 22. Bxf6 Bxf6 23. Nxb3 Bd4 24. Nb5 Bxb5 25. cxb5 Rxb5 26. Nd2 Rxb1+ 27.
Nxb1 Qb6 28. Nd2 1-0

[Event "Benidorm 2010 - Sub-2000"]
[Site "Benidorm ESP"]
[Date "2010.12.06"]
[Round "5.31"]
[White "Kuenitz, Klaus"]
[Black "Fernandez Garcia, Javier"]
[Result "0-1"]
[WhiteElo "1690"]
[BlackElo "1940"]
[PlyCount "46"]
[EventDate "2010.12.03"]
[EventType "swiss"]
[EventRounds "10"]
[EventCountry "ESP"]
[Source "lmi"]
[SourceDate "2010.12.03"]

1. d4 e6 2. c4 d5 3. Nf3 c6 4. e3 f5 5. Nc3 Nf6 6. cxd5 exd5 7. Bd3 Bd6 8. a3
a5 9. Bd2 O-O 10. Qb3 Qe7 11. O-O Ne4 12. Rae1 Rf6 13. Bc1 Rh6 14. g3 g5 15.
Nd2 Be6 16. f3 Nxg3 17. hxg3 Bxg3 18. Re2 g4 19. Kg2 Qh4 20. Rh1 Qxh1+ 21. Kxg3
Qh4+ 22. Kf4 Nd7 23. Rg2 g3# 0-1

[Event "Benidorm 2010 - Sub-2000"]
[Site "Benidorm ESP"]
[Date "2010.12.06"]
[Round "5.35"]
[White "Ayza Casamitjana, Antoni"]
[Black "Rios Torondell, Jaume"]
[Result "0-1"]
[WhiteElo "1871"]
[BlackElo "1991"]
[PlyCount "44"]
[EventDate "2010.12.03"]
[EventType "swiss"]
[EventRounds "10"]
[EventCountry "ESP"]
[Source "lmi"]
[SourceDate "2010.12.03"]

1. e4 e6 2. Nf3 d5 3. e5 c5 4. b4 cxb4 5. d4 Nc6 6. Bd3 Bd7 7. O-O Qb6 8. Be3
f5 9. c4 bxc3 10. Nxc3 Nb4 11. Be2 Rc8 12. Qb3 Na6 13. Nb5 Bb4 14. Nxa7 Qxa7
15. Bxa6 Qxa6 16. Qxb4 Rc4 17. Qb2 Ne7 18. Rac1 O-O 19. Nd2 Rxc1 20. Rxc1 f4
21. Rc7 fxe3 22. fxe3 Qe2 0-1

[Event "Benidorm 2010 - Sub-2000"]
[Site "Benidorm ESP"]
[Date "2010.12.06"]
[Round "5.48"]
[White "Osorio Villegas, Juan Manuel"]
[Black "Lucas Navas, Jose Manuel"]
[Result "1/2-1/2"]
[WhiteElo "1813"]
[BlackElo "1915"]
[PlyCount "46"]
[EventDate "2010.12.03"]
[EventType "swiss"]
[EventRounds "10"]
[EventCountry "ESP"]
[Source "lmi"]
[SourceDate "2010.12.03"]

1. d4 d5 2. Nf3 Nf6 3. e3 Ne4 4. c4 e6 5. a3 c6 6. Qc2 Bd6 7. Nbd2 f5 8. Bd3
Nd7 9. b4 O-O 10. Bb2 a6 11. Rc1 Nxd2 12. Nxd2 Nf6 13. c5 Bc7 14. a4 Bd7 15. f3
Be8 16. O-O Qb8 17. h3 Nh5 18. f4 Qd8 19. Nf3 h6 20. Qf2 Nf6 21. Qg3 Nh5 22.
Qe1 Nf6 23. Ne5 Ne4 1/2-1/2

[Event "Benidorm 2010 - Sub-2000"]
[Site "Benidorm ESP"]
[Date "2010.12.06"]
[Round "5.51"]
[White "Diaz Begonte, Manuel"]
[Black "Tirado Parra, Alberto"]
[Result "0-1"]
[WhiteElo "1781"]
[BlackElo "1908"]
[PlyCount "54"]
[EventDate "2010.12.03"]
[EventType "swiss"]
[EventRounds "10"]
[EventCountry "ESP"]
[Source "lmi"]
[SourceDate "2010.12.03"]

1. e4 d6 2. d4 Nf6 3. Nc3 Nbd7 4. f4 e5 5. Nf3 exd4 6. Qxd4 Nc5 7. Bc4 Be6 8.
O-O Be7 9. Bxe6 Nxe6 10. Qc4 O-O 11. f5 Nc5 12. Be3 Ncd7 13. Rad1 Ng4 14. Bc1
c6 15. h3 Qb6+ 16. Qd4 Nge5 17. Qxb6 axb6 18. b3 b5 19. Bb2 b4 20. Nxe5 Nxe5
21. Na4 b5 22. Bxe5 dxe5 23. Rd7 Rfe8 24. Nb2 Rxa2 25. Nd3 Rxc2 26. Ra1 Bg5 27.
Raa7 Be3+ 0-1

[Event "Benidorm 2010 - Sub-2000"]
[Site "Benidorm ESP"]
[Date "2010.12.07"]
[Round "6.1"]
[White "Albers, Andreas"]
[Black "Dimitrijevic, Dragan"]
[Result "1/2-1/2"]
[WhiteElo "1932"]
[BlackElo "1949"]
[PlyCount "32"]
[EventDate "2010.12.03"]
[EventType "swiss"]
[EventRounds "10"]
[EventCountry "ESP"]
[Source "lmi"]
[SourceDate "2010.12.03"]

1. e4 e6 2. d4 c5 3. Nf3 cxd4 4. Nxd4 Nf6 5. Nc3 d6 6. g4 e5 7. Nf5 h5 8. Bg5
hxg4 9. Bxf6 gxf6 10. Qxg4 Be6 11. O-O-O Nc6 12. Nd5 Nd4 13. Ng7+ Kd7 14. Nxe6
fxe6 15. Ne3 Bh6 16. c3 Nc6 1/2-1/2

[Event "Benidorm 2010 - Sub-2000"]
[Site "Benidorm ESP"]
[Date "2010.12.07"]
[Round "6.2"]
[White "Gomez Peco, David"]
[Black "Nicolas Zapata, Javier"]
[Result "1-0"]
[WhiteElo "1993"]
[BlackElo "1959"]
[PlyCount "101"]
[EventDate "2010.12.03"]
[EventType "swiss"]
[EventRounds "10"]
[EventCountry "ESP"]
[Source "lmi"]
[SourceDate "2010.12.03"]

1. e4 c5 2. Nf3 d6 3. d4 cxd4 4. Nxd4 Nf6 5. Nc3 a6 6. Bg5 Nbd7 7. f4 Qc7 8.
Qe2 b5 9. Bxf6 Nxf6 10. e5 b4 11. Ncb5 axb5 12. Nxb5 Qc5 13. exf6 gxf6 14. Rd1
Ba6 15. Qe4 Rd8 16. Nc7+ Qxc7 17. Bxa6 Qb6 18. Bc4 Bg7 19. Rd3 Kf8 20. f5 Qc5
21. Rd5 Qa7 22. Kd1 Rc8 23. Re1 Qc7 24. Bb3 h5 25. Rb5 d5 26. Rxd5 Rd8 27. Qd3
Rxd5 28. Qxd5 Qd6 29. Qxd6 exd6 30. Re4 Bh6 31. Rxb4 Kg7 32. Rb7 Rf8 33. Bd5
Bf4 34. a4 Kh6 35. Re7 Rb8 36. b3 Rb4 37. Re4 Rxe4 38. Bxe4 Be3 39. b4 Kg5 40.
Ke2 Bd4 41. Kd3 Bg1 42. Kc4 Kf4 43. Kd5 Be3 44. g3+ Kg4 45. Kxd6 Bg1 46. c4
Bxh2 47. c5 h4 48. c6 Bxg3+ 49. Kd7 h3 50. b5 h2 51. b6 1-0

[Event "Benidorm 2010 - Sub-2000"]
[Site "Benidorm ESP"]
[Date "2010.12.07"]
[Round "6.3"]
[White "Moya De La Flor, Daniel"]
[Black "Valdezate Suarez, Fernando"]
[Result "1/2-1/2"]
[WhiteElo "1954"]
[BlackElo "1986"]
[PlyCount "63"]
[EventDate "2010.12.03"]
[EventType "swiss"]
[EventRounds "10"]
[EventCountry "ESP"]
[Source "lmi"]
[SourceDate "2010.12.03"]

1. e4 g6 2. d4 Bg7 3. Nc3 c6 4. e5 d6 5. f4 Nh6 6. Nf3 Bg4 7. Be2 dxe5 8. dxe5
Qb6 9. Qd4 Nf5 10. Qxb6 axb6 11. Ne4 O-O 12. O-O Rd8 13. Nf2 Bxf3 14. Bxf3 Na6
15. c3 h5 16. Bd1 Nc5 17. Bc2 e6 18. a4 b5 19. a5 Na6 20. Ne4 Bf8 21. Kf2 b4
22. Be3 Nxe3 23. Kxe3 Nc5 24. Nf6+ Kg7 25. cxb4 Nd7 26. Nxd7 Rxd7 27. b5 Bc5+
28. Ke2 cxb5 29. Bd3 Bb4 30. Rfd1 Rxa5 31. Rxa5 Bxa5 32. Bxb5 1/2-1/2

[Event "Benidorm 2010 - Sub-2000"]
[Site "Benidorm ESP"]
[Date "2010.12.07"]
[Round "6.4"]
[White "Shen, Yue"]
[Black "Moya Mallafre, Erik"]
[Result "1-0"]
[WhiteElo "1911"]
[BlackElo "1986"]
[PlyCount "63"]
[EventDate "2010.12.03"]
[EventType "swiss"]
[EventRounds "10"]
[EventCountry "ESP"]
[Source "lmi"]
[SourceDate "2010.12.03"]

1. e4 c6 2. c4 d5 3. exd5 cxd5 4. cxd5 Nf6 5. Nc3 Nxd5 6. d4 Nc6 7. a3 Bf5 8.
Nf3 e6 9. Bb5 Nxc3 10. bxc3 Qd5 11. Be2 Be7 12. O-O O-O 13. c4 Qe4 14. Be3 Rfd8
15. Nd2 Qh4 16. Nf3 Qe4 17. Qb3 Bf6 18. Rad1 Nxd4 19. Nxd4 Bxd4 20. Bf3 Qe5 21.
Bxd4 Rxd4 22. Qxb7 Be4 23. Bxe4 Qxe4 24. Qxa8+ Qxa8 25. Rxd4 Kf8 26. Rc1 e5 27.
Rd6 Ke7 28. c5 Qb8 29. Rdd1 Qc7 30. c6 Ke6 31. Rd7 Qc8 32. Rxa7 1-0

[Event "Benidorm 2010 - Sub-2000"]
[Site "Benidorm ESP"]
[Date "2010.12.07"]
[Round "6.5"]
[White "Rubio Tent, Francisco"]
[Black "Moya Albaladejo, Jose Antonio"]
[Result "1/2-1/2"]
[WhiteElo "1980"]
[BlackElo "1929"]
[PlyCount "69"]
[EventDate "2010.12.03"]
[EventType "swiss"]
[EventRounds "10"]
[EventCountry "ESP"]
[Source "lmi"]
[SourceDate "2010.12.03"]

1. e4 Nf6 2. e5 Nd5 3. d4 d6 4. c4 Nb6 5. exd6 exd6 6. Nc3 Be7 7. Bd3 O-O 8. h3
Nc6 9. Nf3 Bf6 10. Be3 d5 11. cxd5 Nxd5 12. O-O Ncb4 13. Bb1 Re8 14. Re1 g6 15.
a3 Nc6 16. Nxd5 Qxd5 17. Ba2 Qd6 18. Qb3 Rf8 19. Bh6 Bg7 20. Bxg7 Kxg7 21. Qc3
b6 22. Rad1 Ne7 23. Ne5 Bb7 24. Ng4 Nd5 25. Bxd5 Qxd5 26. Ne3 Qd6 27. d5+ f6
28. Rc1 Rac8 29. Qd4 Rfd8 30. Rcd1 Qf8 31. Qg4 f5 32. Qh4 Qf6 33. Nxf5+ Qxf5
34. Re7+ Kf8 35. Rxh7 1/2-1/2

[Event "Benidorm 2010 - Sub-2000"]
[Site "Benidorm ESP"]
[Date "2010.12.07"]
[Round "6.6"]
[White "Cuevas Silva, Angel"]
[Black "Salgado Gonzalez, Julio"]
[Result "1/2-1/2"]
[WhiteElo "1963"]
[BlackElo "1843"]
[PlyCount "64"]
[EventDate "2010.12.03"]
[EventType "swiss"]
[EventRounds "10"]
[EventCountry "ESP"]
[Source "lmi"]
[SourceDate "2010.12.03"]

1. e4 Nc6 2. d4 d5 3. e5 Bf5 4. Nf3 e6 5. Be2 Nb4 6. Na3 c5 7. c3 Nc6 8. O-O f6
9. Re1 fxe5 10. Nxe5 Nxe5 11. dxe5 Ne7 12. Nb5 Nc6 13. Bd3 Bxd3 14. Qxd3 a6 15.
Nd6+ Bxd6 16. exd6 Qxd6 17. Qf5 Kd7 18. Qg4 Qe7 19. Bg5 h5 20. Bxe7 hxg4 21.
Bxc5 Rh5 22. Bd4 Nxd4 23. cxd4 Rah8 24. Rac1 Rxh2 25. Kf1 Rh1+ 26. Ke2 Rxe1+
27. Rxe1 Rf8 28. Rh1 Rf4 29. Ke3 Re4+ 30. Kd3 Rf4 31. Ke3 Re4+ 32. Kd3 Rf4
1/2-1/2

[Event "Benidorm 2010 - Sub-2000"]
[Site "Benidorm ESP"]
[Date "2010.12.07"]
[Round "6.7"]
[White "Mingarro Carceller, Sergio"]
[Black "Morant Amezaga, Elies"]
[Result "1-0"]
[WhiteElo "1917"]
[BlackElo "1996"]
[PlyCount "97"]
[EventDate "2010.12.03"]
[EventType "swiss"]
[EventRounds "10"]
[EventCountry "ESP"]
[Source "lmi"]
[SourceDate "2010.12.03"]

1. e4 e5 2. Nf3 Nf6 3. Nxe5 d6 4. Nf3 Nxe4 5. Nc3 Nf6 6. d4 Be7 7. Bg5 O-O 8.
Bd3 d5 9. h3 Re8 10. O-O c6 11. Re1 Nbd7 12. Qd2 Nf8 13. Re2 Ne6 14. Bh4 Bd7
15. Rae1 Qc7 16. Bg3 Qd8 17. Be5 Nf8 18. Nd1 Be6 19. c3 Bd6 20. Bb1 Ng6 21.
Bxd6 Qxd6 22. Ne5 Ne7 23. Qf4 Rad8 24. Ne3 c5 25. dxc5 Qxc5 26. N3g4 Nxg4 27.
hxg4 Nc6 28. Bf5 Qd6 29. Bxe6 Qxe6 30. Nxc6 Qxc6 31. Re7 Rxe7 32. Rxe7 Rf8 33.
Qc7 Qxc7 34. Rxc7 Rb8 35. Rd7 Kf8 36. Kf1 Ke8 37. Rxd5 Rc8 38. Ke2 Ke7 39. Ke3
Ke6 40. Ke4 Rc4+ 41. Rd4 Rc8 42. f4 g6 43. g5 f5+ 44. gxf6 Kxf6 45. Rd7 Re8+
46. Kf3 Rb8 47. Rxh7 a6 48. Rc7 a5 49. g4 1-0

[Event "Benidorm 2010 - Sub-2000"]
[Site "Benidorm ESP"]
[Date "2010.12.07"]
[Round "6.8"]
[White "Ledo Galan, Jose Emilio"]
[Black "Picazo Gonzalez, Alejandro"]
[Result "0-1"]
[WhiteElo "1998"]
[BlackElo "1955"]
[PlyCount "74"]
[EventDate "2010.12.03"]
[EventType "swiss"]
[EventRounds "10"]
[EventCountry "ESP"]
[Source "lmi"]
[SourceDate "2010.12.03"]

1. e4 e5 2. Nc3 Nf6 3. Bc4 Nc6 4. d3 Be7 5. f4 d6 6. Nf3 O-O 7. f5 Na5 8. Qe2
c6 9. Bg5 Re8 10. Bxf6 Bxf6 11. h4 Nxc4 12. dxc4 b5 13. cxb5 cxb5 14. Qxb5 Bd7
15. Qd3 Qb6 16. O-O-O Rab8 17. b3 Qc5 18. Kb2 Rec8 19. Nd2 a5 20. Ndb1 Be7 21.
g4 a4 22. g5 Bf8 23. h5 axb3 24. axb3 Qa5 25. g6 Ra8 26. gxf7+ Kh8 27. Rdg1 d5
28. Kc1 d4 29. Nd5 Bb5 30. Qd2 Qa1 31. b4 Ra2 32. f6 Qb2+ 33. Kd1 Qxb1+ 34. Qc1
Be2+ 35. Kxe2 Raxc2+ 36. Qxc2 Qxc2+ 37. Kf3 Qd3+ 0-1

[Event "Benidorm 2010 - Sub-2000"]
[Site "Benidorm ESP"]
[Date "2010.12.07"]
[Round "6.9"]
[White "Sos Andreu, Erik"]
[Black "Castrillo Mansego, Pablo"]
[Result "1/2-1/2"]
[WhiteElo "1998"]
[BlackElo "1949"]
[PlyCount "82"]
[EventDate "2010.12.03"]
[EventType "swiss"]
[EventRounds "10"]
[EventCountry "ESP"]
[Source "lmi"]
[SourceDate "2010.12.03"]

1. e4 e6 2. Nf3 d5 3. Nc3 Nf6 4. e5 Nfd7 5. d4 c5 6. dxc5 Nc6 7. Bf4 Bxc5 8.
Bd3 f6 9. exf6 Nxf6 10. Qe2 O-O 11. O-O a6 12. Rae1 Bb4 13. Rd1 Bxc3 14. bxc3
Ne4 15. Bd2 Nxd2 16. Rxd2 Qf6 17. c4 Bd7 18. Re1 Rae8 19. Ne5 Nxe5 20. Qxe5 Bc6
21. Rde2 g6 22. Qxf6 Rxf6 23. Re5 Kf7 24. f3 Rf4 25. cxd5 Bxd5 26. Be4 Bxe4 27.
R1xe4 Rxe4 28. Rxe4 Rd8 29. Rc4 Kf6 30. Kf2 Rd2+ 31. Kg3 b5 32. Rc6 b4 33. Rxa6
Rxc2 34. Ra4 Rb2 35. a3 b3 36. Rb4 e5 37. a4 g5 38. a5 h5 39. h4 gxh4+ 40. Rxh4
Ra2 41. Rb4 b2 1/2-1/2

[Event "Benidorm 2010 - Sub-2000"]
[Site "Benidorm ESP"]
[Date "2010.12.07"]
[Round "6.10"]
[White "Olabe Odriozola, Eduardo"]
[Black "Bote Kobolo, Benjamin"]
[Result "0-1"]
[WhiteElo "1943"]
[BlackElo "1991"]
[PlyCount "100"]
[EventDate "2010.12.03"]
[EventType "swiss"]
[EventRounds "10"]
[EventCountry "ESP"]
[Source "lmi"]
[SourceDate "2010.12.03"]

1. e4 Nc6 2. Nc3 e5 3. Bc4 Nf6 4. d3 h6 5. Nge2 Bc5 6. Na4 Be7 7. O-O a6 8.
Nac3 b5 9. Bb3 Bc5 10. Nd5 O-O 11. Be3 Bxe3 12. Nxe3 Na5 13. f4 Nxb3 14. axb3
d6 15. Ng3 exf4 16. Rxf4 d5 17. e5 Nh7 18. Qf3 Be6 19. Ngf5 Kh8 20. Qg3 Rg8 21.
Rg4 Qf8 22. Qh4 c5 23. c3 Ra7 24. Rf1 a5 25. Rg3 a4 26. Ra1 Qc8 27. Nd6 Qd7 28.
bxa4 bxa4 29. c4 d4 30. Nb5 dxe3 31. Nxa7 Qxa7 32. Rxe3 Qa5 33. Qf2 Nf8 34. Qc2
Bd7 35. Rf3 Be8 36. Rh3 Ne6 37. b3 axb3 38. Qc1 Nf4 39. Kf1 b2 40. Qxb2 Qc7 41.
Rh4 Ng6 42. Rh5 Bc6 43. g3 Re8 44. Re1 Kh7 45. Qf2 Ba8 46. Qf5 Qc6 47. Re2 Rb8
48. Qxf7 Rf8 49. e6 Rxf7+ 50. exf7 Qf3+ 0-1